Klamlivá a porovnávacia reklama bakalárska práca

Uložené v:
Podrobná bibliografia
Hlavný autor: Bača, František
Korporativný autor: Obchodná fakulta EU. Katedra obchodného práva
Ďalší autori: Luprichová, Petronela
Médium: Kniha
Jazyk:Slovak
Vydavateľské údaje: Bratislava 2010
Tagy: Pridať tag
Žiadne tagy, Buďte prvý, kto otaguje tento záznam!

MARC

LEADER 00000nam$a2200000$$$4500
001 0134875
005 20240320074150.9
041 0 |a slo 
044 |a SK 
245 1 0 |a Klamlivá a porovnávacia reklama  |b bakalárska práca  |c František Bača ; školiteľ: Petronela Luprichová 
264 1 |a Bratislava  |c 2010 
300 |a 46 s. 
100 1 |a Bača, František 
700 1 |a Luprichová, Petronela 
710 2 |a Obchodná fakulta EU. Katedra obchodného práva